A budapesti népesség nemzetiségi, etnikai arculata - honos népcsoportok és bevándorlók

Bibliographic Details
Main Author: Demeter Zayzon, Mária (Author)
Format: Book
Language:Hungarian
PhysicalDescription:192 s. grafy, mp., tab. 24 cm
Published: Budapest [s.n.] 1994
ISBN:9634505260
Subjects:

MARC

LEADER 00000nam a2200000 a 4500
001 vtls001281334
003 SK-MaSNL
005 20260301004315.0
008 240314s1994 hu aba r yy hun
015 |a ZS1997/0000120 
020 |a 9634505260 
035 |a SNK000232750 
035 |a urn:nbn:sk:snk-amkg46 
035 |a urn:nbn:sk:snk-am008fre 
035 |a E553881F-E790-4C89-A96C-EEAF52B98E42 
040 |a SNK  |b slo  |c SNK  |e AACR2 
041 0 |a hun 
044 |a HU 
080 |a 308+312:323.15(439.151)=945.11  |2 1981 
080 |a 312:323.15(439.151)=945.11  |2 1981 
080 |a 323.15(439.151)=945.11  |2 1981 
100 1 |a Demeter Zayzon, Mária  |4 aut  |9 286957 
245 1 0 |a A budapesti népesség nemzetiségi, etnikai arculata - honos népcsoportok és bevándorlók  |c Demeter Zayzon Mária 
260 |a Budapest  |b [s.n.]  |c 1994 
300 |a 192 s.  |b grafy, mp., tab.  |c 24 cm 
500 |a 1000 výt. 
504 |a Bibliogr. s. 146-151. Res. angl., franc., nem. 
650 0 7 |a menšiny národnostné  |x etniká  |z Budapešť (Maďarsko)  |x výskumy demografické a sociografické  |x monografie  |2 SNK  |9 286958 
655 7 |a príručky  |2 SNK  |9 74364 
919 |a 963-450-526-0 
958 |a OND 
958 |a ZS 
958 |a TL 
958 |a HU 
958 |a NB 
999 |c 541749  |d 543679 
952 |t P60, <03>, [BOOK], {603}  |a SNK  |b SNK  |y PREZ  |7 0  |p 17A0055019  |o snkSC 92711  |i snkV 755/97  |g 3.30  |0 0  |1 0  |4 0  |d 1997-03-26  |f 1  |l 0  |r 2025-09-11 00:00:00  |w 2026-02-23